Statistics for Famous Architecture Trivia

Click here to take the quiz!

General Stats

  • This quiz has been taken 184 times
    (175 since last reset)
  • The average score is 6 of 14

Answer Stats

QuestionAnswer% Correct
What material is the Taj Mahal made of?Marble
71%
What is the name of the world's tallest building?Burj Khalifa
68%
In what mountain range is Machu Picchu located?Andes
67%
What island is home to nearly 900 stone figures called moais?Easter Island
62%
What type of bridge is the Golden Gate Bridge?Suspension
55%
How many domes sit atop Moscow's St. Basil's Cathedral?9
54%
Stonehenge is located on what European island?Great Britain
54%
What city is the Gateway Arch located in?St. Louis, MO
51%
Whose company built the Eiffel Tower?Gustave Eiffel's
42%
About how many spectators could the Colosseum hold?50,000
33%
Approximately how many years old is the Great Sphinx?4,500 years
9%
How long is the Great Wall of China?5,500 miles
9%
How tall are the Presidents' faces in Mount Rushmore?60 feet
9%
How many tons does the Statue of Liberty weigh?225
5%

Score Distribution

Percentile by Number Answered

Percent of People with Each Score

Your Score History

You have not taken this quiz since the last reset